[Event "Memoria? Zamenhofa"]
[Site "Bialystok"]
[Date "2024.12.29"]
[Round "6.21"]
[White "Obrycki, Tomasz"]
[Black "Jasiulewicz, Dawid"]
[Result "1/2-1/2"]
[WhiteElo "1984"]
[BlackElo "2174"]
[PlyCount "108"]
[EventDate "2024.??.??"]

1. c4 c5 2. g3 Nf6 3. Bg2 d5 4. cxd5 Nxd5 5. Nf3 Nc6 6. O-O e5 7. d3 Be7 8. Nc3
Nc7 9. Be3 O-O 10. Nd2 Bd7 11. Nc4 f6 12. Nd5 Ne6 13. Bd2 Ned4 14. e3 Ne6 15.
a4 Kh8 16. Qe2 Nc7 17. Nxe7 Qxe7 18. Na5 Rab8 19. Nxc6 Bxc6 20. Bxc6 bxc6 21.
Ba5 Ne6 22. Qc2 Qb7 23. Qc4 Qb3 24. Bc3 Rfd8 25. Qa6 Qd5 26. Qc4 Ng5 27. Qxd5
cxd5 28. f4 exf4 29. gxf4 Ne6 30. f5 Ng5 31. h4 Nf7 32. Rae1 Re8 33. Rf4 Nd6
34. Kf2 h5 35. Kf3 Re5 36. d4 cxd4 37. Bxd4 Rxf5 38. Bxa7 Rxb2 39. Rxf5 Nxf5
40. Rd1 Nxh4+ 41. Kg3 Nf5+ 42. Kf3 Kh7 43. Rxd5 g6 44. Rd7+ Kh6 45. e4 Nh4+ 46.
Ke3 Kg5 47. Bd4 Rb3+ 48. Ke2 f5 49. e5 f4 50. e6 Nf5 51. Bc5 f3+ 52. Ke1 Rb1+
53. Kf2 Kf4 54. Bd4 Rb4 1/2-1/2

[Event "Memoria? Zamenhofa"]
[Site "Bialystok"]
[Date "2024.12.29"]
[Round "6.22"]
[White "Terkiewicz, Bruno"]
[Black "Korszanski, Stanislaw"]
[Result "1-0"]
[WhiteElo "2159"]
[BlackElo "1955"]
[PlyCount "65"]
[EventDate "2024.??.??"]

1. d4 Nf6 2. c4 c6 3. Nf3 d5 4. g3 g6 5. Bg2 Bg7 6. O-O O-O 7. Qb3 e6 8. Rd1
Nbd7 9. Nc3 Qe7 10. Nd2 Re8 11. e4 dxe4 12. Ndxe4 Nxe4 13. Nxe4 c5 14. dxc5
Nxc5 15. Qa3 Nd7 16. Nd6 Rd8 17. Be3 Ne5 18. Bc5 Qd7 19. f4 Nc6 20. Bf3 e5 21.
Nb5 Qf5 22. Bxc6 Rxd1+ 23. Rxd1 bxc6 24. Rd8+ Bf8 25. Nc3 Qc2 26. Rxf8+ Kg7 27.
Qb3 Qd2 28. Qd1 Qxb2 29. Na4 Qxa2 30. Rd8 h5 31. Qe1 Bh3 32. Qe2 e4 33. Qxe4
1-0

[Event "Memoria? Zamenhofa"]
[Site "Bialystok"]
[Date "2024.12.29"]
[Round "6.23"]
[White "Polak, Michal"]
[Black "Praczukowski, Stanislaw"]
[Result "1/2-1/2"]
[WhiteElo "2031"]
[BlackElo "2130"]
[PlyCount "41"]
[EventDate "2024.??.??"]

1. Nf3 Nf6 2. g3 g6 3. Bg2 Bg7 4. O-O c5 5. c4 d5 6. cxd5 Nxd5 7. Nc3 O-O 8.
Rb1 Nc6 9. Nxd5 Qxd5 10. b3 b6 11. Nd4 Qxd4 12. Bxc6 Bh3 13. Bb2 Qd6 14. Bxa8
Bxf1 15. Bxg7 Kxg7 16. Bf3 Bh3 17. Qc2 Bf5 18. Qc3+ Qd4 19. Rc1 Qxc3 20. Rxc3
Rd8 21. d3 1/2-1/2

[Event "Memoria? Zamenhofa"]
[Site "Bialystok"]
[Date "2024.12.29"]
[Round "6.24"]
[White "Lechowski, Witold"]
[Black "Gotsiridze, Davit"]
[Result "1-0"]
[WhiteElo "2101"]
[BlackElo "1981"]
[PlyCount "59"]
[EventDate "2024.??.??"]

1. d4 Nf6 2. c4 e6 3. Nf3 d5 4. g3 Bb4+ 5. Bd2 Be7 6. Bg2 O-O 7. O-O c6 8. Bc3
dxc4 9. a4 Nd5 10. Ne5 Nxc3 11. Nxc3 c5 12. dxc5 Bxc5 13. Qxd8 Rxd8 14. Rfd1
Nd7 15. Rd2 f6 16. Nxc4 Rf8 17. a5 Rb8 18. Rad1 b5 19. axb6 Nxb6 20. Na5 Ba6
21. Nc6 Rbe8 22. b4 Be7 23. Ra2 Bc4 24. Rxa7 Bd8 25. Rb7 Nd5 26. Nxd5 Bxe2 27.
Re1 exd5 28. Nxd8 Ba6 29. Bxd5+ Kh8 30. Nf7+ 1-0

[Event "Memoria? Zamenhofa"]
[Site "Bialystok"]
[Date "2024.12.29"]
[Round "6.25"]
[White "Sawicki, Dorian"]
[Black "Pietruszewski, Marcin"]
[Result "1/2-1/2"]
[WhiteElo "2036"]
[BlackElo "2187"]
[PlyCount "63"]
[EventDate "2024.??.??"]

1. d4 Nf6 2. c4 e6 3. Nf3 Bb4+ 4. Bd2 Qe7 5. a3 Bxd2+ 6. Nbxd2 d6 7. e4 e5 8.
Qc2 O-O 9. Bd3 Nbd7 10. O-O a5 11. Rfe1 Re8 12. b4 b6 13. Nf1 Bb7 14. d5 Nh5
15. g3 g6 16. Ne3 Ng7 17. Nh4 Ra7 18. Nhg2 Rea8 19. Qc3 Bc8 20. Ng4 Qg5 21.
N4e3 Qe7 22. Ng4 h5 23. N4e3 Kh7 24. Bc2 Ne8 25. Rab1 Nef6 26. f3 Ng8 27. Qd2
Nh6 28. Rf1 Nf6 29. Rfc1 Bh3 30. Ne1 Nd7 31. Nd3 Nf8 32. Bd1 1/2-1/2

[Event "Memoria? Zamenhofa"]
[Site "Bialystok"]
[Date "2024.12.29"]
[Round "6.26"]
[White "Stepinski, Piotr"]
[Black "Przybylski, Jan"]
[Result "0-1"]
[WhiteElo "2184"]
[BlackElo "1987"]
[PlyCount "127"]
[EventDate "2024.??.??"]

1. e4 e5 2. Nf3 Nc6 3. Bb5 a6 4. Bxc6 dxc6 5. O-O f6 6. d4 Bg4 7. c3 Bd6 8. h3
Bh5 9. Re1 Qe7 10. Be3 h6 11. Nbd2 Qe6 12. Qb3 Qxb3 13. Nxb3 Bxf3 14. gxf3 Ne7
15. Kf1 g5 16. a3 a5 17. Ke2 Kf7 18. Rad1 b6 19. Nc1 c5 20. Nb3 cxd4 21. cxd4
a4 22. Nc1 exd4 23. Bxd4 Rhd8 24. Be3 Ng6 25. Rd2 Nf4+ 26. Bxf4 Bxf4 27. Rc2 c5
28. Nd3 Be5 29. h4 Ke6 30. Rh1 Ra7 31. hxg5 hxg5 32. Ne1 Ra5 33. Ng2 Rb5 34.
Ne3 Rxb2 35. Rxb2 Bxb2 36. Rb1 Bxa3 37. Rxb6+ Kf7 38. Nd5 Bb4 39. Rxf6+ Kg7 40.
Ra6 a3 41. Ke3 Rh8 42. e5 Rh6 43. e6 a2 44. Ra7+ Kf8 45. e7+ Kf7 46. Rxa2 Re6+
47. Kd3 c4+ 48. Kxc4 Bxe7 49. Ra7 Kf8 50. Rxe7 Rxe7 51. Nxe7 Kxe7 52. Kd5 Kf6
53. Ke4 Ke6 54. f4 Kf6 55. f5 Kf7 56. Ke5 Ke7 57. f3 Kf7 58. f6 Kf8 59. Kf5 Kf7
60. Kxg5 Kf8 61. Kg6 Kg8 62. f7+ Kf8 63. f4 Ke7 64. Kg7 0-1

[Event "Memoria? Zamenhofa"]
[Site "Bialystok"]
[Date "2024.12.29"]
[Round "6.27"]
[White "Ryszkiewicz, Adam"]
[Black "Dalkowski, Rafal"]
[Result "1/2-1/2"]
[WhiteElo "1982"]
[BlackElo "2102"]
[PlyCount "85"]
[EventDate "2024.??.??"]

1. e4 c6 2. d4 d5 3. e5 Bf5 4. Nf3 e6 5. Be2 Nd7 6. O-O a5 7. a4 Ne7 8. Re1 h6
9. Nbd2 Qc7 10. Nb3 Nc8 11. Be3 Be7 12. Bd3 Bxd3 13. Qxd3 Ncb6 14. Nbd2 c5 15.
c3 Qc6 16. dxc5 Nxc5 17. Bxc5 Bxc5 18. Rec1 O-O 19. b4 Be7 20. b5 Qc5 21. c4
dxc4 22. Nxc4 Rac8 23. Nfd2 Rfd8 24. Qf1 Nxc4 25. Nxc4 Bg5 26. Rc2 Qd4 27. Raa2
b6 28. g3 Be7 29. Qe2 Bb4 30. Kg2 Rc5 31. Rc1 Rcd5 32. Rac2 g6 33. Qf3 h5 34.
Qf6 Bc5 35. Qf3 Bb4 36. Qf6 Bf8 37. Ne3 Qe4+ 38. Kh3 R5d7 39. Rc4 Qd3 40. Rd1
Qe2 41. Rxd7 Rxd7 42. Rc8 Qd3 43. Rxf8+ 1/2-1/2

[Event "Memoria? Zamenhofa"]
[Site "Bialystok"]
[Date "2024.12.29"]
[Round "6.28"]
[White "Butkiewicz, Jan"]
[Black "Kotarski, Bartosz"]
[Result "1/2-1/2"]
[WhiteElo "2070"]
[BlackElo "1968"]
[PlyCount "85"]
[EventDate "2024.??.??"]

1. d4 Nf6 2. c4 g6 3. Nc3 d5 4. cxd5 Nxd5 5. e4 Nxc3 6. bxc3 Bg7 7. Bc4 c5 8.
Ne2 Nc6 9. Be3 cxd4 10. cxd4 Qa5+ 11. Bd2 Qh5 12. O-O O-O 13. Be3 Bd7 14. Rb1
b6 15. f3 Qa5 16. Qb3 Rab8 17. Rfc1 b5 18. Bd5 Rbc8 19. Bxc6 Bxc6 20. d5 Bd7
21. Nd4 a6 22. Nc6 Bxc6 23. Rxc6 Rxc6 24. dxc6 Rc8 25. Qd3 Rxc6 26. Qd7 Qc3 27.
Bf2 Bf8 28. h4 Qc2 29. Rd1 e6 30. Rd2 Qc4 31. Kh2 Rc7 32. Qe8 Rc8 33. Qd7 a5
34. Qb7 Bh6 35. Rd7 Bf4+ 36. Bg3 Bxg3+ 37. Kxg3 Rf8 38. Qb6 a4 39. Rb7 a3 40.
Qxb5 Qxa2 41. Ra7 Qd2 42. Qa5 Qd6+ 43. Kh3 1/2-1/2

[Event "Memoria? Zamenhofa"]
[Site "Bialystok"]
[Date "2024.12.29"]
[Round "6.29"]
[White "Kasperek, Ryszard"]
[Black "Rzap, Filip"]
[Result "1-0"]
[WhiteElo "2059"]
[BlackElo "1912"]
[PlyCount "85"]
[EventDate "2024.??.??"]

1. e4 e5 2. Nf3 Nc6 3. Bb5 a6 4. Ba4 Nf6 5. O-O Be7 6. Re1 b5 7. Bb3 d6 8. c3
O-O 9. d4 Bg4 10. d5 Na5 11. Bc2 c6 12. h3 Bd7 13. Nxe5 dxe5 14. d6 h6 15. dxe7
Qxe7 16. Nd2 Rfd8 17. Qf3 c5 18. Nf1 c4 19. Ne3 Kh8 20. g4 Be6 21. Nf5 Bxf5 22.
exf5 Nb7 23. h4 Nc5 24. g5 Ng8 25. f6 gxf6 26. gxf6 Qxf6 27. Qxf6+ Nxf6 28.
Rxe5 Ncd7 29. Rf5 Rg8+ 30. Kf1 Rg4 31. Be3 Rxh4 32. Ke2 Re8 33. Rd1 Kg7 34. a4
Ne5 35. Rg1+ Neg4 36. Kd1 Re6 37. Bd4 Kf8 38. axb5 axb5 39. f3 Ra6 40. Kc1 Ra1+
41. Bb1 h5 42. fxg4 Nxg4 43. Rgf1 1-0

[Event "Memoria? Zamenhofa"]
[Site "Bialystok"]
[Date "2024.12.29"]
[Round "6.30"]
[White "Dylag, Emilia"]
[Black "Krasniewski, Maciej"]
[Result "1-0"]
[WhiteElo "2108"]
[BlackElo "1984"]
[PlyCount "125"]
[EventDate "2024.??.??"]

1. d4 Nf6 2. c4 g6 3. g3 Bg7 4. Bg2 O-O 5. Nc3 d6 6. Nf3 Nc6 7. d5 Na5 8. Nd2
c5 9. O-O a6 10. Qc2 Rb8 11. b3 b5 12. Bb2 bxc4 13. bxc4 Bd7 14. Rab1 Qc7 15.
Nd1 Rb4 16. Bc3 Rxb1 17. Qxb1 Nh5 18. Bxg7 Nxg7 19. e4 Qb8 20. Qd3 Qb4 21. Ne3
Qa4 22. Rb1 Bc8 23. Qc3 e5 24. Bf3 Nb7 25. Bd1 Qa5 26. Qxa5 Nxa5 27. Rb6 Rd8
28. f4 exf4 29. gxf4 Kf8 30. Kf2 f6 31. Be2 Ke7 32. e5 Ne8 33. Ne4 f5 34. exd6+
Nxd6 35. Nxc5 Kf8 36. Nxa6 Bxa6 37. Rxa6 Nab7 38. Nc2 Nc5 39. Rc6 Ra8 40. a3
Ra4 41. Ke1 Nde4 42. Rb6 Ke7 43. Rb4 Ra6 44. Kf1 Kd6 45. Kg2 h6 46. h4 h5 47.
Rb8 Nd7 48. Rg8 Kc7 49. Nd4 Ndc5 50. Nb5+ Kd7 51. Rg7+ Kd8 52. Kf3 Nc3 53. Ra7
Rxa7 54. Nxa7 N5e4 55. Nc6+ Kc7 56. Ne5 Nd2+ 57. Ke3 Ndb1 58. Bd3 Nxa3 59. Kd4
Na4 60. Nxg6 Kd6 61. Ne5 Nc5 62. Nf7+ Ke7 63. Kxc5 1-0

[Event "Memoria? Zamenhofa"]
[Site "Bialystok"]
[Date "2024.12.29"]
[Round "6.31"]
[White "Madrawski, Krzysztof"]
[Black "Chiszko, Oskar"]
[Result "1/2-1/2"]
[WhiteElo "2054"]
[BlackElo "2106"]
[PlyCount "61"]
[EventDate "2024.??.??"]

1. d4 Nf6 2. Nf3 e6 3. g3 d5 4. Bg2 Be7 5. O-O O-O 6. Ne5 b6 7. a4 a6 8. c3 Bb7
9. a5 c5 10. Nc4 b5 11. Nb6 Ra7 12. dxc5 Bxc5 13. b4 Bxb6 14. axb6 Ra8 15. Be3
Nbd7 16. Nd2 Nxb6 17. Bd4 Nfd7 18. f4 Re8 19. e4 f6 20. e5 fxe5 21. fxe5 Qg5
22. Rf4 Nc4 23. Nxc4 bxc4 24. Rg4 Qe7 25. Rh4 Rf8 26. Bh3 Rf7 27. Qh5 g6 28.
Qh6 Raf8 29. Ra5 Rc8 30. Ra1 Re8 31. Bg4 1/2-1/2

[Event "Memoria? Zamenhofa"]
[Site "Bialystok"]
[Date "2024.12.29"]
[Round "6.32"]
[White "Trybus, Daniel"]
[Black "Jarzebowski, Kacper"]
[Result "1-0"]
[WhiteElo "2035"]
[BlackElo "2099"]
[PlyCount "81"]
[EventDate "2024.??.??"]

1. e4 c5 2. Nf3 a6 3. c4 d6 4. Nc3 Nf6 5. d4 cxd4 6. Nxd4 e6 7. Be3 Be7 8. Be2
O-O 9. O-O b6 10. f4 Bb7 11. Bf3 Nbd7 12. f5 e5 13. Nb3 Rc8 14. Qe2 Nc5 15.
Nxc5 dxc5 16. g4 Nd7 17. Rad1 Bh4 18. Kh1 h6 19. g5 hxg5 20. f6 Qc7 21. fxg7
Kxg7 22. Bg4 Rcd8 23. Bf5 Rh8 24. Qg2 f6 25. Qf3 Rh6 26. Nd5 Bxd5 27. Rxd5 Nb8
28. Rxd8 Qxd8 29. Rd1 Qc7 30. Kg2 Rh8 31. Rd5 Kf8 32. Qd1 Ke7 33. b4 cxb4 34.
c5 b5 35. Rd6 Kf7 36. Qd5+ Kg7 37. Rb6 Qd8 38. Rb7+ Kh6 39. Qf7 Qg8 40. Qxg8
Rxg8 41. Rh7# 1-0

[Event "Memoria? Zamenhofa"]
[Site "Bialystok"]
[Date "2024.12.29"]
[Round "6.33"]
[White "Haladaj, Adam"]
[Black "Kwiatkowski, Wiktor"]
[Result "0-1"]
[WhiteElo "2014"]
[BlackElo "2087"]
[PlyCount "116"]
[EventDate "2024.??.??"]

1. e4 c5 2. Nf3 d6 3. d4 cxd4 4. Nxd4 Nf6 5. Nc3 a6 6. Bg5 Nbd7 7. Bc4 Qc7 8.
Bb3 h6 9. Bxf6 Nxf6 10. Qd2 b5 11. O-O-O e6 12. f3 b4 13. Nce2 Rb8 14. g4 g6
15. e5 dxe5 16. Nc6 Bd7 17. Nxb8 Qxb8 18. h4 Bc6 19. g5 Nh5 20. f4 Bc5 21. Qd3
Ke7 22. Rhe1 e4 23. Qc4 Qb6 24. gxh6 Nf6 25. Nd4 Bd5 26. Qe2 Bxd4 27. Bxd5 exd5
28. Kb1 Rxh6 29. f5 Rxh4 30. fxg6 fxg6 31. Qd2 Bc3 32. Qg2 Rg4 33. Qh2 Bxe1 34.
Rxe1 Ke6 35. Rf1 Qb5 36. Qf2 Nd7 37. Qf7+ Kd6 38. Rd1 Qc5 39. b3 Rg1 40. Rxg1
Qxg1+ 41. Kb2 Qd4+ 42. Kb1 Qf6 43. Qe8 d4 44. Qxe4 Nc5 45. Qe8 Nd7 46. Qe4 a5
47. Qb7 Qf5 48. Qa6+ Ke7 49. Qe2+ Qe5 50. Qg4 g5 51. Qh5 Nf6 52. Qh1 g4 53.
Qb7+ Ke6 54. Qc8+ Kf7 55. Qb7+ Kg6 56. a3 bxa3 57. Ka2 d3 58. Kxa3 Qa1# 0-1

[Event "Memoria? Zamenhofa"]
[Site "Bialystok"]
[Date "2024.12.29"]
[Round "6.34"]
[White "Tokarz, Izabela"]
[Black "Golis, Wiktor"]
[Result "0-1"]
[WhiteElo "2085"]
[BlackElo "2313"]
[PlyCount "76"]
[EventDate "2024.??.??"]

1. d4 Nf6 2. c4 e6 3. Nf3 d5 4. Nc3 Ne4 5. Bf4 Bb4 6. Qa4+ Nc6 7. a3 Nxc3 8.
Qc2 Nxe2+ 9. Kxe2 Be7 10. c5 Bf6 11. Be3 e5 12. dxe5 Nxe5 13. Nxe5 Bxe5 14. f4
Bf6 15. Kf2 d4 16. Bd2 O-O 17. Bd3 h6 18. Rhf1 Be6 19. Kg1 Bd5 20. Rad1 Qd7 21.
Be1 Rfe8 22. h3 Bc6 23. Bc4 Be4 24. Bd3 Qc6 25. Bg3 Bxd3 26. Rxd3 Re4 27. f5
Rae8 28. Qc4 Re2 29. Rf2 Qe4 30. Rd1 Rxf2 31. Bxf2 Qxf5 32. Qb5 Rd8 33. Qxb7
Qc2 34. Qf3 Qxb2 35. Rd3 Qc1+ 36. Rd1 Qxc5 37. Kh1 Qd5 38. Qf4 c5 0-1

[Event "Memoria? Zamenhofa"]
[Site "Bialystok"]
[Date "2024.12.29"]
[Round "6.35"]
[White "Ciszewski, Krzysztof"]
[Black "Barwinska, Ewa"]
[Result "1-0"]
[WhiteElo "2103"]
[BlackElo "2021"]
[PlyCount "79"]
[EventDate "2024.??.??"]

1. d4 e6 2. c4 Bb4+ 3. Nc3 f5 4. e3 Nf6 5. Bd3 O-O 6. Nge2 d6 7. O-O Bxc3 8.
Nxc3 e5 9. dxe5 dxe5 10. b3 Qe7 11. Bb2 Be6 12. Nd5 Nxd5 13. cxd5 Bd7 14. a4
Rd8 15. Qc2 c6 16. dxc6 Nxc6 17. Bxf5 Bxf5 18. Qxf5 Qb4 19. Qe6+ Kh8 20. Rad1
Re8 21. Qf7 Rf8 22. Qc4 Qxc4 23. bxc4 Na5 24. Bxe5 Nxc4 25. Bd4 b6 26. f4 Rae8
27. Kf2 Kg8 28. g4 g5 29. Kf3 gxf4 30. exf4 a6 31. f5 b5 32. axb5 axb5 33. Kf4
b4 34. Bc5 Rf7 35. Rd4 Ne3 36. Rb1 h5 37. h3 hxg4 38. hxg4 Nc2 39. Rd2 Ne1 40.
Be3 1-0